00664nam a2200193 i 4500001000700000003000900007005001700016007000300033008004100036080001700077100003600094245005800130260004700188300002100235650004700256852002200303999001900325952012600344128141ES-MaACL20230906193156.0t|070622s1962 sp ||||1| spa d a333.5.01(46)1 aMartín Sanz, Dionisio.97765510aNueva reforma agraria / cpor Dionisio Martín Sanz. a[Madrid : bs.n., c1962] (fTip. Ferrera) a71 p. ; c18 cm.14aReforma agraria-zEspaña-yS.XX.9171662 aES-MaACLjC-21759 c128141d128141 00104070aATENEOMbATENEOMcGaleríad2008-01-17eSCl0oC-21759p1133467r2023-02-23 00:00:00w2023-02-23yMONOGRAFIA